| 000 | 02040nam a22002777a 4500 | ||
|---|---|---|---|
| 999 |
_c63167 _d63167 |
||
| 003 | Ge_BSU | ||
| 005 | 20250616112900.0 | ||
| 008 | 250616s2024 ge ||||| |||| 00| 0 geo d | ||
| 020 | _a9789941864643 | ||
| 041 | _ageo | ||
| 080 | _a631.52 ბ-95 | ||
| 100 |
_aბუკია, ზურაბ _925426 |
||
| 245 |
_aმცენარის სელექციური ჯიში - _bსასურსათო და სამედიცინო უსაფრთხოების ერთ-ერთი გარანტი / _c ზურაბ ბუკია, ციცინო ათამაშვილი; რედაქტორი გურამ ალექსიძე; მხატვარი ნინო ხმალაძე; თსუ-ს ალ. ნათიშვილის მორფოლოგიის ინსტიტუტი. |
||
| 264 |
_aთბილისი, _c2024. |
||
| 300 |
_a512 გვ. : _bცხრ. ; _c 21 სმ. |
||
| 500 | _aწიგნი გამოცემულია სსიპ აფხაზეთიდან იძულებით გადაადგილებულ პირთა - დევნილთა მომსახურების სააგენტოს ფინანსური მხარდაჭერით. | ||
| 504 | _aბიბლიოგრ.: გვ. 497-505. | ||
| 520 | _aრეზ. რუს. და ინგლ. ენებზე. | ||
| 653 | _aმცენარეთა სელექცია | ||
| 653 | _aმცენარეთა გენეტიკა | ||
| 700 |
_aათამაშვილი, ციცინო _eავტორი _925427 |
||
| 700 |
_aალექსიძე, გურამ _eრედაქტორი _97983 |
||
| 700 |
_aხმალაძე, ნინო _eმხატვარი _96186 |
||
| 710 |
_aთსუ. _bალ. ნათიშვილის მორფოლოგიის ინსტიტუტი. _925428 |
||
| 942 |
_2udc _cᲬᲘᲒᲜᲘ |
||